[Event "C.to Mondiale U16"]
[Site "Oropesa del Mar ESP"]
[Date "2000.10.12"]
[Round "2"]
[White "Drabke, Lorenz Maximilian"]
[Black "Fluvia Poyatos, Jordi"]
[Result "1/2-1/2"]
[WhiteElo "2144"]
[BlackElo "2261"]
[PlyCount "88"]
[EventDate "2000.10.11"]

1. e4 e6 2. d4 d5 3. Nd2 Be7 4. c3 c5 5. exd5 exd5 6. dxc5 Bxc5 7. Ngf3 Nf6 8.
Bb5+ Nc6 9. O-O O-O 10. Nb3 Bb6 11. Bg5 a6 12. Ba4 Bc7 13. Nbd4 Qd6 14. Bxf6
Qxf6 15. Qd3 Bg4 16. Bc2 g6 17. h3 Bd7 18. Bb3 Qd6 19. Ne2 Rfe8 20. Ng3 Be6 21.
Rad1 Rad8 22. Rfe1 Bb6 23. Nd4 Nxd4 24. cxd4 h5 25. Qd2 h4 26. Nf1 Bf5 27. Qg5
Rxe1 28. Rxe1 Bxd4 29. Qxh4 Qf6 30. Qxf6 Bxf6 31. Ne3 Be6 32. Rd1 d4 33. Bxe6
fxe6 34. Ng4 Bg7 35. f4 Kf7 36. Kf2 Rd5 37. Kf3 g5 38. Ne5+ Kf6 39. g3 gxf4 40.
gxf4 Kf5 41. Nd3 Rd8 42. Rc1 b6 43. Rc6 Rh8 44. Kg3 Rb8 1/2-1/2

[Event "C.to Mondiale U16"]
[Site "Oropesa del Mar ESP"]
[Date "2000.10.13"]
[Round "3"]
[White "Drabke, Lorenz Maximilian"]
[Black "Feige, Manuel"]
[Result "1/2-1/2"]
[WhiteElo "2144"]
[BlackElo "2266"]
[PlyCount "58"]
[EventDate "2000.10.11"]

1. e4 c5 2. Nf3 d6 3. d4 cxd4 4. Nxd4 Nf6 5. f3 e5 6. Bb5+ Nbd7 7. Nf5 d5 8.
exd5 a6 9. Ba4 b5 10. Bb3 Nb6 11. Ne3 Bb7 12. Nc3 Bc5 13. Qd3 O-O 14. a4 bxa4
15. Nxa4 Bxe3 16. Bxe3 Nbxd5 17. O-O Nxe3 18. Qxe3 Qc7 19. Nc5 Rfe8 20. Nxb7
Qxb7 21. Ra5 e4 22. Rg5 exf3 23. Qxf3 Qxf3 24. Rxf3 Kf8 25. Ra5 Re2 26. Rf2
Re1+ 27. Rf1 Re2 28. Rf2 Re1+ 29. Rf1 Re2 1/2-1/2

[Event "C.to Mondiale U16"]
[Site "Oropesa del Mar ESP"]
[Date "2000.10.??"]
[Round "7"]
[White "Drabke, Lorenz Maximilian"]
[Black "Sagafos, Magne"]
[Result "1-0"]
[WhiteElo "2144"]
[BlackElo "2220"]
[PlyCount "67"]
[EventDate "2000.10.11"]

1. e4 Nf6 2. Nc3 d5 3. e5 d4 4. exf6 dxc3 5. fxg7 cxd2+ 6. Qxd2 Qxd2+ 7. Bxd2
Bxg7 8. O-O-O O-O 9. Bd3 Nc6 10. f4 Be6 11. Kb1 a5 12. a3 Nd4 13. Ne2 Nxe2 14.
Bxe2 b5 15. Be3 b4 16. a4 b3 17. c3 Bf5+ 18. Kc1 Rab8 19. Bf3 Rfd8 20. Rxd8+
Rxd8 21. Rd1 Rxd1+ 22. Bxd1 Be6 23. Kd2 Kf8 24. Kd3 Ke8 25. Bc1 Bh8 26. g3 Bf5+
27. Ke3 Be6 28. Kd3 Bf5+ 29. Kc4 Kd7 30. Kb5 Bc2 31. Bf3 f6 32. Kxa5 Kd6 33.
Kb5 e5 34. Be3 1-0

[Event "C.to Mondiale U16"]
[Site "Oropesa del Mar ESP"]
[Date "2000.10.??"]
[Round "8"]
[White "Owczarzak, Jerzy"]
[Black "Drabke, Lorenz Maximilian"]
[Result "1/2-1/2"]
[WhiteElo "2249"]
[BlackElo "2144"]
[PlyCount "35"]
[EventDate "2000.10.11"]

1. e4 c5 2. Nf3 e6 3. d4 cxd4 4. Nxd4 Nc6 5. Nb5 d6 6. c4 Nf6 7. N1c3 a6 8. Na3
Be7 9. Be2 O-O 10. O-O b6 11. Be3 Qc7 12. Rc1 Nb8 13. f3 Bb7 14. b4 Nbd7 15.
Qb3 Rac8 16. Rfd1 Rb8 17. Nab1 Rfe8 18. Kh1 1/2-1/2

[Event "C.to Mondiale U16"]
[Site "Oropesa del Mar ESP"]
[Date "2000.10.??"]
[Round "9"]
[White "Drabke, Lorenz Maximilian"]
[Black "Kurenkov, Nikolai"]
[Result "1-0"]
[WhiteElo "2144"]
[BlackElo "2395"]
[PlyCount "48"]
[EventDate "2000.10.11"]

1. e4 c5 2. Nf3 d6 3. Bb5+ Nd7 4. d4 cxd4 5. Qxd4 e5 6. Qd3 h6 7. Nc3 Ngf6 8.
Be3 a6 9. Bc4 b5 10. Bb3 Bb7 11. Nd5 Be7 12. O-O Rc8 13. c3 Bxd5 14. Bxd5 Nxd5
15. Qxd5 Nf6 16. Qd3 d5 17. Nxe5 Bd6 18. Bd4 dxe4 19. Qh3 Nh7 20. Bb6 Ng5 21.
Qg4 Bc7 22. Bxc7 Qxc7 23. f4 Ne6 24. Qe2 Qc5+ 1-0